00694nam a2200241Ia 4500003000400000005001700004006001800021007000300039008004100042024001000083037001800093040001800111041001300129100003200142110006200174245005300236260000900289650002800298700003300326700006200359942001200421999001900433OSt20220930204322.0a|||||r|||| 00| 0ta220926b |||||||| |||| 00| 0 hin d a96599 cDissertations aCRLcCRLbhin 2hinahin aKashyap Vikas Kumar9566829 aUniversity of Delhi. Faculty of Arts. Department of Hindi 0aNanddularey Vajpeyey ke kavey mulyon ka vivechan c2008 aHINDI LITERATURE923866 a Dr. Apoorvanand Gu.9539454 aUniversity of Delhi. Faculty of Arts. Department of Hindi cDIS2CC c905877d905877